000 00356nam a2200145Ia 4500
005 20250403020104.0
008 240331s9999 xx 000 0 und d
082 _bTHA
_a894
100 _aThambiah, M
245 0 _aNorungunda iIruthayam
260 _aChunnakam
_bYalppanakaloori AAyvu Niruvanam
_c1914
300 _a213 p .,
650 _aNovel
942 _cL
999 _c3794
_d3794